00679nam a2200217 i 450000100060000000300090000600500170001500700030003200800410003502000180007608000100009410000730010424500910017725000240026826000400029230000470033249000190037965000110039883000190040985200330042873270ES-MaACL20250920063046.0t|040923s2004 sp ||||1| spa d a84-270-3008-8 a663.20 aFalcó Fernández de Córdova, Carlos, cMarqués de Griñón10aEntender de vino / cCarlos Falcó Fernández de Córdova, Marqués de Griñón. a1ª ed. rev. y act. aMadrid : bMartínez Roca, c2004. a281 p. : bil. col. y n., graf. ; c23 cm.1 aMR prácticos14aVinos.0 aMR prácticos aES-MaACLjL-28102 bR.134020